[Event "397 Stay Safe Play From Home series"]
[Site "Emanuel Lasker Arena"]
[Date "2020.08.20"]
[Round "6"]
[White "Padmaesh M K"]
[Black "Mepe_Nika"]
[Result "0-1"]
[WhiteElo "1878"]
[BlackElo "2359"]
[PlyCount "84"]
[EventDate "2020.08.20"]
[EventType "swiss (blitz)"]

1. e4 {[%emt 0:00:04]} c6 {[%emt 0:00:01]} 2. c4 {[%emt 0:00:02]} d5 {[%emt 0:00:00]} 3. exd5 {[%emt 0:00:00]} cxd5 {[%emt 0:00:00]} 4. d4 {[%emt 0:00:00]} Nf6 {[%emt 0:00:00]} 5. Nc3 {[%emt 0:00:01]} g6 {[%emt 0:00:00]} 6. Nf3 {[%emt 0:00:01]} Bg7 {[%emt 0:00:01]} 7. cxd5 {[%emt 0:00:01]} Nxd5 {[%emt 0:00:02]} 8. Bc4 {[%emt 0:00:00]} Nb6 {[%emt 0:00:02]} 9. Bb3 {[%emt 0:00:01]} O-O {[%emt 0:00:00]} 10. O-O {[%emt 0:00:01]} Bg4 {[%emt 0:00:03]} 11. h3 {[%emt 0:00:01]} Bxf3 {[%emt 0:00:01]} 12. Qxf3 {[%emt 0:00:02]} Nc6 {[%emt 0:00:00]} 13. d5 {[%emt 0:00:02]} Nd4 {[%emt 0:00:01]} 14. Qd1 {[%emt 0:00:03]} Nxb3 {[%emt 0:00:01]} 15. Qxb3 {[%emt 0:00:00]} Bxc3 {[%emt 0:00:02]} 16. bxc3 {[%emt 0:00:01]} Qxd5 {[%emt 0:00:01]} 17. Be3 {[%emt 0:00:01]} Rac8 {[%emt 0:00:04]} 18. Bxb6 {[%emt 0:00:02]} Qxb3 {[%emt 0:00:01]} 19. axb3 {[%emt 0:00:01]} axb6 {[%emt 0:00:00]} 20. c4 {[%emt 0:00:01]} Rfd8 {[%emt 0:00:00]} 21. Ra7 {[%emt 0:00:01]} Rc7 {[%emt 0:00:01]} 22. Rb1 {[%emt 0:00:03]} Rd2 {[%emt 0:00:01]} 23. Kf1 {[%emt 0:00:02]} e5 {[%emt 0:00:01]} 24. Ke1 {[%emt 0:00:01]} Rd4 {[%emt 0:00:01]} 25. Rb2 {[%emt 0:00:04]} Kg7 {[%emt 0:00:01]} 26. Re2 {[%emt 0:00:01]} f6 {[%emt 0:00:02]} 27. Re3 {[%emt 0:00:01]} h5 {[%emt 0:00:02]} 28. f4 {[%emt 0:00:01]} e4 {[%emt 0:00:03]} 29. Kf2 {[%emt 0:00:02]} f5 {[%emt 0:00:01]} 30. g3 {[%emt 0:00:02]} Rd2+ {[%emt 0:00:01]} 31. Re2 {[%emt 0:00:01]} Rd3 {[%emt 0:00:01]} 32. Re3 {[%emt 0:00:01]} Rd6 {[%emt 0:00:03]} 33. Re2 {[%emt 0:00:01]} Kf7 {[%emt 0:00:01]} 34. Rea2 {[%emt 0:00:01]} Ke6 {[%emt 0:00:01]} 35. Ra8 {[%emt 0:00:01]} Rd3 {[%emt 0:00:03]} 36. Re8+ {[%emt 0:00:01]} Re7 {[%emt 0:00:01]} 37. Rg8 {[%emt 0:00:02]} Kf7 {[%emt 0:00:01]} 38. Rb8 {[%emt 0:00:02]} Rf3+ {[%emt 0:00:01]} 39. Kg2 {[%emt 0:00:01]} Rxb3 {[%emt 0:00:00]} 40. Ra7 {[%emt 0:00:01]} e3 {[%emt 0:00:02]} 41. Raxb7 {[%emt 0:00:02]} Rb2+ {[%emt 0:00:03]} 42. Kf3 {[%emt 0:00:02]} Rf2# {[%emt 0:00:01] (Lag: Av=0.43s, max=0.7s) (Lag: Av=0.43s, max=0.7s) (Lag: Av=0.43s, max=0.7s)} 0-1

[Event "397 Stay Safe Play From Home series"]
[Site "Emanuel Lasker Arena"]
[Date "2020.08.20"]
[Round "6"]
[White "Mamba2001de"]
[Black "Jhhonnyy"]
[Result "0-1"]
[WhiteElo "1448"]
[BlackElo "2303"]
[Annotator "NA"]
[PlyCount "66"]
[EventDate "2020.08.20"]
[EventType "swiss (blitz)"]

1. d4 {[%emt 0:00:01]} Nf6 {[%emt 0:00:01]} 2. c4 {[%emt 0:00:01]} c5 {[%emt 0:00:00]} 3. Nc3 {[%emt 0:00:01]} cxd4 {[%emt 0:00:00]} 4. Qxd4 {[%emt 0:00:01]} Nc6 {[%emt 0:00:00]} 5. Qd1 {[%emt 0:00:01]} g6 {[%emt 0:00:00]} 6. e3 {[%emt 0:00:01]} Bg7 {[%emt 0:00:00]} 7. Be2 {[%emt 0:00:01]} O-O {[%emt 0:00:00]} 8. Nf3 {[%emt 0:00:01]} d6 {[%emt 0:00:01]} 9. Bd2 {[%emt 0:00:01]} Be6 {[%emt 0:00:01]} 10. O-O {[%emt 0:00:01]} a6 {[%emt 0:00:00]} 11. b3 {[%emt 0:00:01]} Rc8 {[%emt 0:00:01]} 12. Rc1 {[%emt 0:00:01]} Bf5 {[%emt 0:00:03]} 13. h3 {[%emt 0:00:00]} Ne4 {[%emt 0:00:01]} 14. Nxe4 {[%emt 0:00:02]} Bxe4 {[%emt 0:00:00]} 15. Ng5 {[%emt 0:00:01]} Bf5 {[%emt 0:00:01]} 16. g4 {[%emt 0:00:01]} Bd7 {[%emt 0:00:01]} 17. Ne4 {[%emt 0:00:01]} Re8 {[%emt 0:00:01]} 18. Ng3 {[%emt 0:00:01]} Ne5 {[%emt 0:00:01]} 19. f4 {[%emt 0:00:02]} Nc6 {[%emt 0:00:02]} 20. Bc3 {[%emt 0:00:02]} e5 {[%emt 0:00:02]} 21. fxe5 {[%emt 0:00:02]} dxe5 {[%emt 0:00:01]} 22. Ne4 {[%emt 0:00:04]} Be6 {[%emt 0:00:01]} 23. g5 {[%emt 0:00:03]} Bxh3 {[%emt 0:00:02]} 24. Nf6+ {[%emt 0:00:02]} Bxf6 {[%emt 0:00:01]} 25. Rxf6 {[%emt 0:00:01]} Qxd1+ {[%emt 0:00:01]} 26. Rxd1 {[%emt 0:00:01]} Be6 {[%emt 0:00:00]} 27. Bf3 {[%emt 0:00:04]} b5 {[%emt 0:00:01]} 28. Bxc6 {[%emt 0:00:05]} Rxc6 {[%emt 0:00:01]} 29. Rdf1 {[%emt 0:00:04]} bxc4 {[%emt 0:00:01]} 30. bxc4 {[%emt 0:00:01]} Rxc4 {[%emt 0:00:01]} 31. Ba5 {[%emt 0:00:02]} Rg4+ {[%emt 0:00:01]} 32. Kh2 {[%emt 0:00:02]} Rxg5 {[%emt 0:00:00]} 33. Bc3 {[%emt 0:00:05]} Rf5 {[%emt 0:00:01] Zeit Zeit Zeit (Lag: Av=0.39s, max=1.0s) (Lag: Av=0.39s, max=1.0s) (Lag: Av=0.39s, max=1.0s)} 0-1

[Event "397 Stay Safe Play From Home series"]
[Site "Emanuel Lasker Arena"]
[Date "2020.08.20"]
[Round "7"]
[White "IceQueen"]
[Black "Klasman"]
[Result "1-0"]
[WhiteElo "2420"]
[BlackElo "1374"]
[PlyCount "47"]
[EventDate "2020.08.20"]
[EventType "swiss (blitz)"]

1. e4 {[%emt 0:00:01]} f5 {[%emt 0:00:03]} 2. exf5 {[%emt 0:00:01]} Nf6 {[%emt 0:00:01]} 3. d4 {[%emt 0:00:01]} d5 {[%emt 0:00:02]} 4. Bd3 {[%emt 0:00:00]} e6 {[%emt 0:00:03]} 5. fxe6 {[%emt 0:00:00]} Be7 {[%emt 0:00:01]} 6. Nf3 {[%emt 0:00:00]} O-O {[%emt 0:00:01]} 7. O-O {[%emt 0:00:00]} c5 {[%emt 0:00:01]} 8. dxc5 {[%emt 0:00:02]} Bxc5 {[%emt 0:00:02]} 9. Qe2 {[%emt 0:00:03]} Re8 {[%emt 0:00:05]} 10. Bf5 {[%emt 0:00:06]} g6 {[%emt 0:00:03]} 11. Bh3 {[%emt 0:00:01]} Ne4 {[%emt 0:00:03]} 12. c4 {[%emt 0:00:04]} Bxe6 {[%emt 0:00:03]} 13. Bxe6+ {[%emt 0:00:01]} Rxe6 {[%emt 0:00:03]} 14. cxd5 {[%emt 0:00:00]} Qxd5 {[%emt 0:00:01]} 15. Be3 {[%emt 0:00:06]} Nc6 {[%emt 0:00:02]} 16. Na3 {[%emt 0:00:04]} Bxa3 {[%emt 0:00:06]} 17. bxa3 {[%emt 0:00:00]} Rae8 {[%emt 0:00:01]} 18. Rad1 {[%emt 0:00:01]} Qf5 {[%emt 0:00:03]} 19. Qb2 {[%emt 0:00:02]} Ne7 {[%emt 0:00:05]} 20. Qxb7 {[%emt 0:00:02]} Rb6 {[%emt 0:00:05]} 21. Qxa7 {[%emt 0:00:03]} Rb2 {[%emt 0:00:01]} 22. Bd4 {[%emt 0:00:02]} Nd5 {[%emt 0:00:03]} 23. Bxb2 {[%emt 0:00:01]} Nxf2 {[%emt 0:00:02]} 24. Qg7# {[%emt 0:00:00] (Lag: Av=0.46s, max=0.6s) (Lag: Av=0.46s, max=0.6s) (Lag: Av=0.46s, max=0.6s)} 1-0

[Event "397 Stay Safe Play From Home series"]
[Site "Emanuel Lasker Arena"]
[Date "2020.08.20"]
[Round "7"]
[White "Mepe_Nika"]
[Black "Mamba2001de"]
[Result "1-0"]
[WhiteElo "2361"]
[BlackElo "1448"]
[Annotator "NA"]
[PlyCount "29"]
[EventDate "2020.08.20"]
[EventType "swiss (blitz)"]

1. d4 {[%emt 0:00:01]} d6 {[%emt 0:00:00]} 2. e4 {[%emt 0:00:01]} e5 {[%emt 0:00:02]} 3. dxe5 {[%emt 0:00:01]} dxe5 {[%emt 0:00:01]} 4. Qxd8+ {[%emt 0:00:00]} Kxd8 {[%emt 0:00:01]} 5. Bc4 {[%emt 0:00:00]} Bd7 {[%emt 0:00:01]} 6. Bxf7 {[%emt 0:00:02]} Nf6 {[%emt 0:00:00]} 7. f3 {[%emt 0:00:04]} Nc6 {[%emt 0:00:01]} 8. Ne2 {[%emt 0:00:01]} Bc5 {[%emt 0:00:01]} 9. Bg5 {[%emt 0:00:04]} Ke7 {[%emt 0:00:01]} 10. Bb3 {[%emt 0:00:02]} h6 {[%emt 0:00:01]} 11. Bxf6+ {[%emt 0:00:01]} gxf6 {[%emt 0:00:01]} 12. Nd2 {[%emt 0:00:01]} Be6 {[%emt 0:00:01]} 13. O-O-O {[%emt 0:00:03]} Bxb3 {[%emt 0:00:02]} 14. Nxb3 {[%emt 0:00:00]} Rad8 {[%emt 0:00:01]} 15. Nxc5 {[%emt 0:00:03] Mamba2001de gibt auf Mamba2001de gibt auf Mamba2001de gibt auf (Lag: Av=0.33s, max=0.4s) (Lag: Av=0.33s, max=0.4s) (Lag: Av=0.33s, max=0.4s)} 1-0

[Event "397 Stay Safe Play From Home series"]
[Site "Emanuel Lasker Arena"]
[Date "2020.08.20"]
[Round "7"]
[White "Jhhonnyy"]
[Black "Fischer_11"]
[Result "1-0"]
[WhiteElo "2303"]
[BlackElo "2015"]
[Annotator "NA"]
[PlyCount "105"]
[EventDate "2020.08.20"]
[EventType "swiss (blitz)"]

1. d4 {[%emt 0:00:02]} e5 {[%emt 0:00:01]} 2. c4 {[%emt 0:00:00]} exd4 {[%emt 0:00:01]} 3. Nf3 {[%emt 0:00:01]} c5 {[%emt 0:00:01]} 4. e3 {[%emt 0:00:01]} dxe3 {[%emt 0:00:00]} 5. Bxe3 {[%emt 0:00:00]} Nf6 {[%emt 0:00:01]} 6. Nc3 {[%emt 0:00:00]} Be7 {[%emt 0:00:00]} 7. g3 {[%emt 0:00:00]} O-O {[%emt 0:00:00]} 8. Bg2 {[%emt 0:00:00]} Nc6 {[%emt 0:00:01]} 9. O-O {[%emt 0:00:01]} b6 {[%emt 0:00:00]} 10. h3 {[%emt 0:00:00]} Bb7 {[%emt 0:00:00]} 11. Qc2 {[%emt 0:00:01]} d5 {[%emt 0:00:09]} 12. cxd5 {[%emt 0:00:01]} Nxd5 {[%emt 0:00:00]} 13. Nxd5 {[%emt 0:00:00]} Qxd5 {[%emt 0:00:00]} 14. Rad1 {[%emt 0:00:02]} Qh5 {[%emt 0:00:02]} 15. a3 {[%emt 0:00:01]} Rad8 {[%emt 0:00:02]} 16. Kh2 {[%emt 0:00:04]} Rxd1 {[%emt 0:00:06]} 17. Rxd1 {[%emt 0:00:00]} Rd8 {[%emt 0:00:00]} 18. Rxd8+ {[%emt 0:00:01]} Nxd8 {[%emt 0:00:00]} 19. Ne1 {[%emt 0:00:01]} Bxg2 {[%emt 0:00:02]} 20. Nxg2 {[%emt 0:00:00]} Qd5 {[%emt 0:00:01]} 21. Nf4 {[%emt 0:00:01]} Qd7 {[%emt 0:00:02]} 22. Qd2 {[%emt 0:00:01]} Qxd2 {[%emt 0:00:01]} 23. Bxd2 {[%emt 0:00:00]} Bf6 {[%emt 0:00:00]} 24. Bc3 {[%emt 0:00:01]} Bxc3 {[%emt 0:00:01]} 25. bxc3 {[%emt 0:00:00]} Kf8 {[%emt 0:00:02]} 26. Nd5 {[%emt 0:00:00]} Ke8 {[%emt 0:00:01]} 27. Ne3 {[%emt 0:00:00]} Kd7 {[%emt 0:00:00]} 28. Kg2 {[%emt 0:00:02]} Nc6 {[%emt 0:00:00]} 29. Kf3 {[%emt 0:00:00]} Na5 {[%emt 0:00:04]} 30. Ke2 {[%emt 0:00:01]} g6 {[%emt 0:00:02]} 31. Kd3 {[%emt 0:00:00]} Kc6 {[%emt 0:00:00]} 32. Ng4 {[%emt 0:00:01]} f5 {[%emt 0:00:04]} 33. Nf6 {[%emt 0:00:01]} h6 {[%emt 0:00:01]} 34. Ng8 {[%emt 0:00:01]} h5 {[%emt 0:00:00]} 35. Ne7+ {[%emt 0:00:01]} Kb5 {[%emt 0:00:01]} 36. Nxg6 {[%emt 0:00:00]} Ka4 {[%emt 0:00:00]} 37. Nf4 {[%emt 0:00:01]} Kxa3 {[%emt 0:00:00]} 38. Nxh5 {[%emt 0:00:00]} b5 {[%emt 0:00:00]} 39. g4 {[%emt 0:00:01]} b4 {[%emt 0:00:00]} 40. cxb4 {[%emt 0:00:01]} cxb4 {[%emt 0:00:01]} 41. Nf4 {[%emt 0:00:02]} b3 {[%emt 0:00:00]} 42. Ne2 {[%emt 0:00:02]} b2 {[%emt 0:00:03]} 43. Kc2 {[%emt 0:00:00]} fxg4 {[%emt 0:00:01]} 44. hxg4 {[%emt 0:00:01]} Ka2 {[%emt 0:00:01]} 45. Nc3+ {[%emt 0:00:01]} Ka1 {[%emt 0:00:00]} 46. g5 {[%emt 0:00:01]} Nc4 {[%emt 0:00:00]} 47. g6 {[%emt 0:00:02]} Na3+ {[%emt 0:00:01]} 48. Kb3 {[%emt 0:00:01]} Nb1 {[%emt 0:00:01]} 49. Na4 {[%emt 0:00:02]} Nd2+ {[%emt 0:00:01]} 50. Kc3 {[%emt 0:00:03]} b1=Q {[%emt 0:00:00]} 51. g7 {[%emt 0:00:01]} Qa2 {[%emt 0:00:02]} 52. Nc5 {[%emt 0:00:03]} Qg8 {[%emt 0:00:01]} 53. Kxd2 {[%emt 0:00:00] Zeit Zeit Zeit (Lag: Av=0.36s, max=0.8s) (Lag: Av=0.36s, max=0.8s) (Lag: Av=0.36s, max=0.8s)} 1-0

[Event "397 Stay Safe Play From Home series"]
[Site "Emanuel Lasker Arena"]
[Date "2020.08.20"]
[Round "7"]
[White "Stefanone"]
[Black "Yuriko"]
[Result "1-0"]
[WhiteElo "1979"]
[BlackElo "1980"]
[Annotator "NA"]
[PlyCount "119"]
[EventDate "2020.08.20"]
[EventType "swiss (blitz)"]

1. d4 {[%emt 0:00:01]} d5 {[%emt 0:00:02]} 2. e3 {[%emt 0:00:00]} c6 {[%emt 0:00:00]} 3. f4 {[%emt 0:00:00]} Nf6 {[%emt 0:00:00]} 4. Nf3 {[%emt 0:00:00]} g6 {[%emt 0:00:00]} 5. Bd3 {[%emt 0:00:01]} Bg7 {[%emt 0:00:00]} 6. Qe2 {[%emt 0:00:00]} O-O {[%emt 0:00:00]} 7. c3 {[%emt 0:00:01]} Re8 {[%emt 0:00:00]} 8. Nbd2 {[%emt 0:00:00]} Nbd7 {[%emt 0:00:02]} 9. O-O {[%emt 0:00:00]} Ng4 {[%emt 0:00:02]} 10. Ne5 {[%emt 0:00:01]} Nh6 {[%emt 0:00:01]} 11. g4 {[%emt 0:00:01]} f6 {[%emt 0:00:01]} 12. Nxd7 {[%emt 0:00:03]} Bxd7 {[%emt 0:00:01]} 13. Qg2 {[%emt 0:00:00]} Bxg4 {[%emt 0:00:02]} 14. Nf3 {[%emt 0:00:01]} Qd7 {[%emt 0:00:02]} 15. Re1 {[%emt 0:00:02]} Rad8 {[%emt 0:00:01]} 16. Bd2 {[%emt 0:00:01]} Nf7 {[%emt 0:00:01]} 17. Qg3 {[%emt 0:00:01]} Bf5 {[%emt 0:00:02]} 18. Bxf5 {[%emt 0:00:01]} Qxf5 {[%emt 0:00:00]} 19. Nh4 {[%emt 0:00:01]} Qd7 {[%emt 0:00:01]} 20. Qf2 {[%emt 0:00:01]} e5 {[%emt 0:00:00]} 21. fxe5 {[%emt 0:00:01]} fxe5 {[%emt 0:00:00]} 22. dxe5 {[%emt 0:00:01]} Nxe5 {[%emt 0:00:00]} 23. Qg3 {[%emt 0:00:03]} Nd3 {[%emt 0:00:02]} 24. Rf1 {[%emt 0:00:01]} Be5 {[%emt 0:00:00]} 25. Qg5 {[%emt 0:00:05]} Bg7 {[%emt 0:00:02]} 26. e4 {[%emt 0:00:02]} dxe4 {[%emt 0:00:03]} 27. Be3 {[%emt 0:00:01]} Ne5 {[%emt 0:00:01]} 28. Bd4 {[%emt 0:00:02]} Qd5 {[%emt 0:00:01]} 29. Rad1 {[%emt 0:00:02]} Nf3+ {[%emt 0:00:03]} 30. Nxf3 {[%emt 0:00:02]} exf3 {[%emt 0:00:01]} 31. Qxd5+ {[%emt 0:00:01]} Rxd5 {[%emt 0:00:01]} 32. Rxf3 {[%emt 0:00:01]} Bxd4+ {[%emt 0:00:03]} 33. cxd4 {[%emt 0:00:00]} Red8 {[%emt 0:00:01]} 34. Re1 {[%emt 0:00:01]} Rxd4 {[%emt 0:00:02]} 35. Re7 {[%emt 0:00:01]} R4d7 {[%emt 0:00:00]} 36. Rff7 {[%emt 0:00:01]} Rxe7 {[%emt 0:00:01]} 37. Rxe7 {[%emt 0:00:00]} Rb8 {[%emt 0:00:01]} 38. Kf2 {[%emt 0:00:02]} a6 {[%emt 0:00:00]} 39. Ke3 {[%emt 0:00:01]} b5 {[%emt 0:00:00]} 40. Kd4 {[%emt 0:00:01]} Rf8 {[%emt 0:00:04]} 41. Kc5 {[%emt 0:00:01]} Rf6 {[%emt 0:00:00]} 42. Re2 {[%emt 0:00:01]} a5 {[%emt 0:00:01]} 43. Kb6 {[%emt 0:00:01]} a4 {[%emt 0:00:01]} 44. Rd2 {[%emt 0:00:01]} Kf7 {[%emt 0:00:00]} 45. Rd8 {[%emt 0:00:00]} Ke7 {[%emt 0:00:01]} 46. Rc8 {[%emt 0:00:01]} Kd7 {[%emt 0:00:00]} 47. Rc7+ {[%emt 0:00:01]} Kd6 {[%emt 0:00:01]} 48. Rxh7 {[%emt 0:00:00]} Kd5 {[%emt 0:00:00]} 49. Rh3 {[%emt 0:00:00]} Kd4 {[%emt 0:00:01]} 50. Rh4+ {[%emt 0:00:01]} Kd5 {[%emt 0:00:00]} 51. Rh3 {[%emt 0:00:01]} c5+ {[%emt 0:00:00]} 52. Kxb5 {[%emt 0:00:01]} Kd4 {[%emt 0:00:01]} 53. Rh4+ {[%emt 0:00:01]} Kd3 {[%emt 0:00:01]} 54. Rh3+ {[%emt 0:00:00]} Kc2 {[%emt 0:00:01]} 55. Ra3 {[%emt 0:00:01]} Kxb2 {[%emt 0:00:01]} 56. Rxa4 {[%emt 0:00:00]} Rf5 {[%emt 0:00:02]} 57. Ra6 {[%emt 0:00:01]} Kc2 {[%emt 0:00:01]} 58. a4 {[%emt 0:00:00]} c4+ {[%emt 0:00:00]} 59. Kb6 {[%emt 0:00:01]} c3 {[%emt 0:00:00]} 60. a5 {[%emt 0:00:00] Time Time Time (Lag: Av=0.42s, max=1.0s) (Lag: Av=0.42s, max=1.0s) (Lag: Av=0.42s, max=1.0s)} 1-0

[Event "397 Stay Safe Play From Home series"]
[Site "Emanuel Lasker Arena"]
[Date "2020.08.20"]
[Round "8"]
[White "Yuriko"]
[Black "Mepe_Nika"]
[Result "1-0"]
[WhiteElo "1963"]
[BlackElo "2361"]
[PlyCount "103"]
[EventDate "2020.08.20"]
[EventType "swiss (blitz)"]

1. d4 {[%emt 0:00:02]} d5 {[%emt 0:00:00]} 2. c4 {[%emt 0:00:00]} c6 {[%emt 0:00:00]} 3. Nc3 {[%emt 0:00:00]} Nf6 {[%emt 0:00:00]} 4. Nf3 {[%emt 0:00:00]} e6 {[%emt 0:00:01]} 5. e3 {[%emt 0:00:00]} Nbd7 {[%emt 0:00:01]} 6. Qc2 {[%emt 0:00:00]} Bd6 {[%emt 0:00:01]} 7. Bd3 {[%emt 0:00:00]} dxc4 {[%emt 0:00:01]} 8. Bxc4 {[%emt 0:00:00]} b5 {[%emt 0:00:01]} 9. Bb3 {[%emt 0:00:00]} b4 {[%emt 0:00:01]} 10. Ne4 {[%emt 0:00:03]} Nxe4 {[%emt 0:00:03]} 11. Qxe4 {[%emt 0:00:00]} Bb7 {[%emt 0:00:06]} 12. Bxe6 {[%emt 0:00:02]} fxe6 {[%emt 0:00:02]} 13. Qxe6+ {[%emt 0:00:01]} Qe7 {[%emt 0:00:00]} 14. Qg4 {[%emt 0:00:02]} O-O {[%emt 0:00:02]} 15. O-O {[%emt 0:00:01]} c5 {[%emt 0:00:01]} 16. Nd2 {[%emt 0:00:05]} cxd4 {[%emt 0:00:03]} 17. Qxd4 {[%emt 0:00:00]} Ne5 {[%emt 0:00:04]} 18. f3 {[%emt 0:00:05]} Rad8 {[%emt 0:00:01]} 19. Ne4 {[%emt 0:00:10]} Bxe4 {[%emt 0:00:07]} 20. Qxe4 {[%emt 0:00:00]} Kh8 {[%emt 0:00:01]} 21. Bd2 {[%emt 0:00:04]} Bc5 {[%emt 0:00:01]} 22. Rad1 {[%emt 0:00:02]} Ng6 {[%emt 0:00:03]} 23. Qg4 {[%emt 0:00:02]} Qd7 {[%emt 0:00:02]} 24. Qg3 {[%emt 0:00:03]} Qd3 {[%emt 0:00:02]} 25. Qf2 {[%emt 0:00:04]} Qc2 {[%emt 0:00:02]} 26. Qe1 {[%emt 0:00:02]} Qxb2 {[%emt 0:00:02]} 27. Bc1 {[%emt 0:00:02]} Qe5 {[%emt 0:00:02]} 28. Bd2 {[%emt 0:00:01]} Rxd2 {[%emt 0:00:02]} 29. Rxd2 {[%emt 0:00:02]} Qxe3+ {[%emt 0:00:01]} 30. Kh1 {[%emt 0:00:00]} Qxe1 {[%emt 0:00:01]} 31. Rxe1 {[%emt 0:00:00]} b3 {[%emt 0:00:00]} 32. axb3 {[%emt 0:00:01]} Bb4 {[%emt 0:00:00]} 33. Ra2 {[%emt 0:00:00]} Bxe1 {[%emt 0:00:01]} 34. Rxa7 {[%emt 0:00:01]} Bb4 {[%emt 0:00:00]} 35. h3 {[%emt 0:00:00]} Be7 {[%emt 0:00:00]} 36. Kh2 {[%emt 0:00:00]} h6 {[%emt 0:00:00]} 37. g3 {[%emt 0:00:00]} Kg8 {[%emt 0:00:00]} 38. Rb7 {[%emt 0:00:00]} Bd6 {[%emt 0:00:00]} 39. f4 {[%emt 0:00:00]} Rf7 {[%emt 0:00:00]} 40. Kg2 {[%emt 0:00:00]} Bf8 {[%emt 0:00:01]} 41. Rb8 {[%emt 0:00:01]} Re7 {[%emt 0:00:01]} 42. Kf3 {[%emt 0:00:00]} Re2 {[%emt 0:00:00]} 43. g4 {[%emt 0:00:00]} Re3+ {[%emt 0:00:01]} 44. Kxe3 {[%emt 0:00:01]} Kh7 {[%emt 0:00:00]} 45. Kf3 {[%emt 0:00:00]} Be7 {[%emt 0:00:00]} 46. f5 {[%emt 0:00:00]} Bd6 {[%emt 0:00:00]} 47. fxg6+ {[%emt 0:00:00]} Kxg6 {[%emt 0:00:01]} 48. h4 {[%emt 0:00:00]} Kh7 {[%emt 0:00:00]} 49. h5 {[%emt 0:00:00]} g6 {[%emt 0:00:00]} 50. Rb6 {[%emt 0:00:00]} Bb8 {[%emt 0:00:00]} 51. Rb7+ {[%emt 0:00:00]} Bc7 {[%emt 0:00:00]} 52. Rb8 {[%emt 0:00:00] Time Time Time (Lag: Av=0.41s, max=0.5s) (Lag: Av=0.41s, max=0.5s) (Lag: Av=0.41s, max=0.5s)} 1-0

[Event "397 Stay Safe Play From Home series"]
[Site "Emanuel Lasker Arena"]
[Date "2020.08.20"]
[Round "8"]
[White "Padmaesh M K"]
[Black "Stefanone"]
[Result "1-0"]
[WhiteElo "1876"]
[BlackElo "1996"]
[PlyCount "69"]
[EventDate "2020.08.20"]
[EventType "swiss (blitz)"]

1. e4 {[%emt 0:00:02]} e6 {[%emt 0:00:01]} 2. Nf3 {[%emt 0:00:01]} d5 {[%emt 0:00:00]} 3. exd5 {[%emt 0:00:00]} exd5 {[%emt 0:00:00]} 4. d4 {[%emt 0:00:01]} c6 {[%emt 0:00:00]} 5. c4 {[%emt 0:00:00]} f5 {[%emt 0:00:01]} 6. Nc3 {[%emt 0:00:00]} Nf6 {[%emt 0:00:01]} 7. cxd5 {[%emt 0:00:00]} cxd5 {[%emt 0:00:01]} 8. Ne5 {[%emt 0:00:00]} Bd6 {[%emt 0:00:01]} 9. Bf4 {[%emt 0:00:02]} O-O {[%emt 0:00:01]} 10. Bd3 {[%emt 0:00:01]} Qe7 {[%emt 0:00:01]} 11. O-O {[%emt 0:00:01]} Bxe5 {[%emt 0:00:01]} 12. Bxe5 {[%emt 0:00:01]} Ne4 {[%emt 0:00:01]} 13. Nxd5 {[%emt 0:00:02]} Qf7 {[%emt 0:00:01]} 14. Bc4 {[%emt 0:00:02]} Be6 {[%emt 0:00:01]} 15. Qb3 {[%emt 0:00:03]} b5 {[%emt 0:00:02]} 16. Qxb5 {[%emt 0:00:02]} a6 {[%emt 0:00:02]} 17. Qb3 {[%emt 0:00:02]} Re8 {[%emt 0:00:05]} 18. Ne3 {[%emt 0:00:04]} Nd2 {[%emt 0:00:03]} 19. Bxe6 {[%emt 0:00:02]} Rxe6 {[%emt 0:00:00]} 20. Qd5 {[%emt 0:00:03]} Ra7 {[%emt 0:00:03]} 21. Qd8+ {[%emt 0:00:04]} Re8 {[%emt 0:00:01]} 22. Qa5 {[%emt 0:00:05]} Rd7 {[%emt 0:00:01]} 23. Qxd2 {[%emt 0:00:02]} g6 {[%emt 0:00:01]} 24. Bxb8 {[%emt 0:00:01]} Rxb8 {[%emt 0:00:01]} 25. Qc3 {[%emt 0:00:00]} Rbd8 {[%emt 0:00:01]} 26. Rad1 {[%emt 0:00:01]} f4 {[%emt 0:00:00]} 27. Ng4 {[%emt 0:00:02]} Qf5 {[%emt 0:00:02]} 28. f3 {[%emt 0:00:01]} h5 {[%emt 0:00:01]} 29. Ne5 {[%emt 0:00:01]} Rd6 {[%emt 0:00:01]} 30. Qc4+ {[%emt 0:00:01]} Kg7 {[%emt 0:00:01]} 31. Qc7+ {[%emt 0:00:01]} Kh6 {[%emt 0:00:01]} 32. Nf7+ {[%emt 0:00:02]} Kg7 {[%emt 0:00:03]} 33. Nxd6+ {[%emt 0:00:00]} Kf8 {[%emt 0:00:01]} 34. Nxf5 {[%emt 0:00:00]} Re8 {[%emt 0:00:02]} 35. Qg7# {[%emt 0:00:01] (Lag: Av=0.31s, max=0.4s) (Lag: Av=0.31s, max=0.4s) (Lag: Av=0.31s, max=0.4s)} 1-0

[Event "397 Stay Safe Play From Home series"]
[Site "Emanuel Lasker Arena"]
[Date "2020.08.20"]
[Round "8"]
[White "Mamba2001de"]
[Black "IceQueen"]
[Result "0-1"]
[WhiteElo "1447"]
[BlackElo "2421"]
[Annotator "NA"]
[PlyCount "64"]
[EventDate "2020.08.20"]
[EventType "swiss (blitz)"]

1. e4 {[%emt 0:00:01]} c5 {[%emt 0:00:00]} 2. Nf3 {[%emt 0:00:01]} Nc6 {[%emt 0:00:01]} 3. c3 {[%emt 0:00:01]} e6 {[%emt 0:00:01]} 4. d3 {[%emt 0:00:01]} d5 {[%emt 0:00:01]} 5. Be2 {[%emt 0:00:01]} Nf6 {[%emt 0:00:01]} 6. e5 {[%emt 0:00:01]} Nd7 {[%emt 0:00:01]} 7. d4 {[%emt 0:00:01]} Qb6 {[%emt 0:00:01]} 8. Nbd2 {[%emt 0:00:02]} Be7 {[%emt 0:00:01]} 9. Nb3 {[%emt 0:00:01]} a5 {[%emt 0:00:01]} 10. Nxc5 {[%emt 0:00:02]} Nxc5 {[%emt 0:00:00]} 11. dxc5 {[%emt 0:00:01]} Bxc5 {[%emt 0:00:00]} 12. O-O {[%emt 0:00:01]} O-O {[%emt 0:00:01]} 13. Rb1 {[%emt 0:00:01]} f6 {[%emt 0:00:01]} 14. Bd3 {[%emt 0:00:03]} f5 {[%emt 0:00:04]} 15. Re1 {[%emt 0:00:02]} Bd7 {[%emt 0:00:01]} 16. a3 {[%emt 0:00:04]} Bxf2+ {[%emt 0:00:01]} 17. Kh1 {[%emt 0:00:03]} Bxe1 {[%emt 0:00:00]} 18. Qxe1 {[%emt 0:00:01]} a4 {[%emt 0:00:01]} 19. Qg3 {[%emt 0:00:01]} Qc7 {[%emt 0:00:05]} 20. Bf4 {[%emt 0:00:02]} Ne7 {[%emt 0:00:03]} 21. Bh6 {[%emt 0:00:02]} Ng6 {[%emt 0:00:02]} 22. Bf4 {[%emt 0:00:04]} Nxf4 {[%emt 0:00:01]} 23. Qxf4 {[%emt 0:00:01]} h6 {[%emt 0:00:00]} 24. h4 {[%emt 0:00:04]} Ra5 {[%emt 0:00:04]} 25. Re1 {[%emt 0:00:02]} Bb5 {[%emt 0:00:01]} 26. Bxb5 {[%emt 0:00:01]} Rxb5 {[%emt 0:00:00]} 27. Re2 {[%emt 0:00:01]} Qc4 {[%emt 0:00:01]} 28. Nd4 {[%emt 0:00:02]} Rb6 {[%emt 0:00:00]} 29. Rf2 {[%emt 0:00:05]} Qd3 {[%emt 0:00:03]} 30. Rf3 {[%emt 0:00:06]} Qe4 {[%emt 0:00:01]} 31. Qxe4 {[%emt 0:00:02]} fxe4 {[%emt 0:00:00]} 32. Re3 {[%emt 0:00:01]} Rxb2 {[%emt 0:00:01] Zeit Zeit Zeit (Lag: Av=0.42s, max=0.8s) (Lag: Av=0.42s, max=0.8s) (Lag: Av=0.42s, max=0.8s)} 0-1